| 000 | 01367cam a22003251 4500 | ||
|---|---|---|---|
| 001 | gs 47000233 | ||
| 003 | DLC | ||
| 005 | 20260227111352.0 | ||
| 008 | 770317s1945 miuab s000 0 eng c | ||
| 010 | _ags 47000233 | ||
| 035 | _a(OCoLC)2811591 | ||
| 040 |
_aU.S. Geol. Survey Libr. _cMiRochOU _dDLC |
||
| 042 | _apremarc | ||
| 043 | _an-us-mi | ||
| 050 | 0 | 0 |
_aQE125 _b.A4 |
| 082 | _a557.74 | ||
| 100 | 1 |
_aLandes, Kenneth K. _q(Kenneth Knight), _d1899- |
|
| 245 | 1 | 0 |
_aGeology of the Mackinac Straits region and sub-surface geology of northern Southern Peninsula, _cby Kenneth K. Landes, George M. Ehlers and George M. Stanley. |
| 260 |
_aLansing, _c1945. |
||
| 300 |
_a204 p. _billus., maps (1 fold.) _c24 cm. |
||
| 490 | 1 |
_aMichigan. Dept. of Conservation. Geological Survey Division. Publication 44. Geological series, _v37 |
|
| 500 | _a"Published as a part of the Biennial report of the Geological Survey Division in 1944." | ||
| 504 | _a"References cited": p. 196-198. | ||
| 650 | 0 |
_aGeology _zMichigan _zMackinac Island Region. |
|
| 650 | 0 |
_aGeology _zMichigan _zUpper Peninsula. |
|
| 700 | 1 |
_aEhlers, George Marion, _d1891- _ejt. author. |
|
| 700 | 1 |
_aStanley, George M., _d1905- _ejt. author. |
|
| 810 | 1 |
_aMichigan. _bGeological Survey Division. _tPublication ; _v44. |
|
| 810 | 1 |
_aMichigan. _bGeological Survey Division. _tGeological series ; _v37. |
|
| 999 |
_c28176 _d28176 |
||